ბათუმის შოთა რუსთაველის სახელმწიფო უნივერსიტეტის ბიბლიოთეკა

ჯორ-ზაქარა (ბიბ.ჩანაწერი № 50377)

000 -LEADER
fixed length control field 00596nam a2200217Ia 4500
001 - CONTROL NUMBER
control field 17318
003 - CONTROL NUMBER IDENTIFIER
control field GE_BSU
008 - FIXED-LENGTH DATA ELEMENTS--GENERAL INFORMATION
fixed length control field 181216s||||||||xx |||||||||||||| ||und||
040 ## - CATALOGING SOURCE
Transcribing agency GE_BSU
080 ## - UNIVERSAL DECIMAL CLASSIFICATION NUMBER
Universal Decimal Classification number 821.353.1-32
100 ## - MAIN ENTRY--PERSONAL NAME
Personal name მგალობლიშვილი,სოფრომ
245 ## - TITLE STATEMENT
Title ჯორ-ზაქარა
245 ## - TITLE STATEMENT
Remainder of title მოთხრობა
245 ## - TITLE STATEMENT
Statement of responsibility, etc. რედ.:ა.ბაჩიძე
260 ## - PUBLICATION, DISTRIBUTION, ETC.
Place of publication, distribution, etc. თბილისი
260 ## - PUBLICATION, DISTRIBUTION, ETC.
Name of publisher, distributor, etc. ცოდნა
260 ## - PUBLICATION, DISTRIBUTION, ETC.
Date of publication, distribution, etc. 1964
300 ## - PHYSICAL DESCRIPTION
Extent 104გვ.;20სმ.
653 ## - INDEX TERM--UNCONTROLLED
Uncontrolled term მოთხრობა
942 ## - ADDED ENTRY ELEMENTS (KOHA)
Koha item type წიგნი
ეგზემპლარები
Withdrawn status Lost status Damaged status Not for loan Date acquired Barcode Date last seen Price effective from Koha item type Public note
        2018-12-17 41202 2018-12-17 2018-12-17 წიგნი აგრარული ტექ.ფაკ.